000
00391nam a2200145Ia 4500
008
230917s9999||||xx |||||||||||||| ||und||
040
_e
175549
_a
MAIN
041
_a
English
082
_a
891.432741 SL41G
100
_a
सहगल, ललित
245
0
_a
गुफावासी
260
_a
दिल्ली
_b
प्रभात
_c
1977
300
_a
225 पृ. p.
942
_c
HN
999
_c
182254
_d
182254